Southville International School and Colleges
Your cart is empty.
  • Cart
  • Lists
    Public lists Eva Luna New books Lux_list list_1
    Your lists Log in to create your own lists
  • Log in to your account
  • Your cookies
  • Search history
Southville International School and Colleges
  • Advanced search
  • Recent comments
  • Most popular
  • Libraries

Log in to your account

Log in with GOOGLE


If you do not have an external account, but do have a local account, you can still log in:

  1. Home
  2. MARC view: Ya̦nomamö, the fierce people,
Normal view MARC view ISBD view

Ya̦nomamö, the fierce people, (Record no. 8710)

[ view plain ]
MARC details
000 -LEADER
fixed length control field 00810cam a2200265 4500
001 - CONTROL NUMBER
control field 3594183
003 - CONTROL NUMBER IDENTIFIER
control field OSt
005 - DATE AND TIME OF LATEST TRANSACTION
control field 20140310182037.0
008 - FIXED-LENGTH DATA ELEMENTS--GENERAL INFORMATION
fixed length control field 700429s1968 nyuab b 001 0 eng
010 ## - LIBRARY OF CONGRESS CONTROL NUMBER
LC control number 68022310
020 ## - INTERNATIONAL STANDARD BOOK NUMBER
International Standard Book Number 0030710707
040 ## - CATALOGING SOURCE
Original cataloging agency DLC
Transcribing agency DLC
Modifying agency DLC
050 00 - LIBRARY OF CONGRESS CALL NUMBER
Classification number F 2520.1
Item number .C456 1968
082 00 - DEWEY DECIMAL CLASSIFICATION NUMBER
Classification number HS 301.29
Item number C34 1968
100 ## - MAIN ENTRY--PERSONAL NAME
Personal name Chagnon, Napoleon A.,
Dates associated with a name 1938-
9 (RLIN) 10839
245 10 - TITLE STATEMENT
Title Ya̦nomamö, the fierce people,
Statement of responsibility, etc by Napoleon A. Chagnon.
260 ## - PUBLICATION, DISTRIBUTION, ETC. (IMPRINT)
Place of publication, distribution, etc New York,
Name of publisher, distributor, etc Holt, Rinehart and Winston
Date of publication, distribution, etc [1968]
300 ## - PHYSICAL DESCRIPTION
Extent 142 p.
Other physical details illus., maps.
Dimensions 24 cm.
440 #0 - SERIES STATEMENT/ADDED ENTRY--TITLE
Title Case studies in cultural anthropology
9 (RLIN) 10727
504 ## - BIBLIOGRAPHY, ETC. NOTE
Bibliography, etc Bibliography: p. 141-142.
650 #0 - SUBJECT ADDED ENTRY--TOPICAL TERM
Topical term or geographic name as entry element Yanomamo Indians.
9 (RLIN) 10840
906 ## - LOCAL DATA ELEMENT F, LDF (RLIN)
a 7
b cbc
c orignew
d u
e ncip
f 19
g y-gencatlg
942 ## - ADDED ENTRY ELEMENTS (KOHA)
Source of classification or shelving scheme Library of Congress Classification
Koha item type
Holdings
Withdrawn status Lost status Source of classification or shelving scheme Damaged status Home library Current library Shelving location Date acquired Total Checkouts Full call number Barcode Date last seen Copy number Price effective from Koha item type
    Library of Congress Classification   Luxembourg Library Luxembourg Library High School Section 08/15/2013   F 2520.1 .C456 1968 2072 05/25/2015 1 08/15/2013 Books

Ya̦nomamö, the fierce people,

APA

Chagnon N. A., . (1968). Ya̦nomamö, the fierce people. New York: Holt, Rinehart and Winston.

Chicago

Chagnon Napoleon A, . 1968. Ya̦nomamö, the fierce people. New York: Holt, Rinehart and Winston.

Harvard

Chagnon N. A., . (1968). Ya̦nomamö, the fierce people. New York: Holt, Rinehart and Winston.

MLA

Chagnon Napoleon A, . Ya̦nomamö, the fierce people. New York: Holt, Rinehart and Winston. 1968.

  • Place hold
  • Print
  • Cite
  • Add to your cart (remove)
  • Save record
    BIBTEX Dublin Core MARCXML MARC (non-Unicode/MARC-8) MARC (Unicode/UTF-8) MARC (Unicode/UTF-8, Standard) MODS (XML) RIS
  • More searches
    Search for this title in:
    Other Libraries (WorldCat) Other Databases (Google Scholar) Online Stores (Bookfinder.com) Open Library (openlibrary.org)

Exporting to Dublin Core...

SOUTHVILLE LIBRARY

Southville International School and Colleges Library

1281 Tropical Ave. Cor. Luxembourg St., BF Homes International, Las Pinas City

Tel. No. 8256374 / 252358 Loc. 117/146

Powered by Koha